| 000 | 00652nam a22002171c 4500 | ||
|---|---|---|---|
| 001 | ht015498298 | ||
| 008 | 080821s2008 gw |||| 000u ger d | ||
| 020 |
_a97835933865 _9978-3-5933865 |
||
| 041 | _ager | ||
| 100 | 1 | _aMünch, Richard | |
| 245 | 0 | 4 |
_aDie Konstruktion der europäischen Gesellschaft : _bzur Dialektik von transnationaler Integration und nationaler Desintegration |
| 264 |
_aFrankfurt, Main : _bCampus, _c2008 |
||
| 300 | _aca. 380 S. | ||
| 650 | 0 | _aEuropäische Integration | |
| 650 | 0 | _aEuropäische Union | |
| 650 | 0 | _aDemokratie | |
| 650 | 0 | _aÖffentlichkeit | |
| 942 | _cMG | ||
| 040 | _cRU-10907106 | ||
| 003 | RU-10907106 | ||
| 999 |
_c17134 _d17134 |
||